000
00292nam a22001217a 4500
003
OSt
005
20250710085957.0
008
250710b |||||||| |||| 00| 0 eng d
040
_c
DLC
082
_a
614.547
_b
CHI
245
_a
Mainstreaming HIV and AIDS in Theological Education
942
_2
ddc
_c
BK
999
_c
4125
_d
4125